| 000 | 00597nam a2200217Ia 4500 | ||
|---|---|---|---|
| 003 | GCL | ||
| 008 | 140319s9999 xx 000 0 eng d | ||
| 040 |
_aGCL / _cGCL |
||
| 082 | 0 | 4 |
_a778.523 _bG E |
| 100 | 1 | _aGROSS, LYNNES. | |
| 245 | 1 | 0 |
_aELECTRONIC MOVIE MAKING: SECOND EDITION / _cGROSS, LYNNES. |
| 700 | 1 | _aWARD, LARRY W. | |
| 260 |
_a[S.N] : _bWADSUARTH PUBBISINT COMPANY ، _c1993 |
||
| 300 | _a320 P | ||
| 650 | 0 | 4 | _aVIDEO RECORDING |
| 650 | 0 | 4 | _aPRODUCTION AND DIRCTION |
| 650 | 0 | 4 | _aELECTRONIC CAMERA |
| 650 | 0 | 4 | _aCINEMATOGROPHY |
| 650 | 0 | 4 | _aMOTION PICTURES |
| 942 |
_2ddc _cBK |
||
| 999 |
_c10985 _d10985 |
||